000 01680nam a2200385 c 4500
999 _c95131
_d95131
003 BLK
005 20240607111107.0
008 180408b bul|||||r ||||||| ||bul||
010 _aKNG00099982000
020 _a978-954-431-570-2
040 _aBLK
041 _aBUL
_cBUL
072 7 _2bullib
_aН85
_xДетска художествена литература Н
080 _aРуска литература
_b821.161.1
_x-93-1
_z821.161.1-93-1
100 1 _aСтепанов, Владимир Александрович
_eпърви автор
_9306251
139 _aСтепанов, Владимир Александрович
_bС 75
245 1 0 _aМечо и неговите приятели
_bПодарък за малчугани
_cВладимир Александрович Степанов; ил. Игор Приходкин; прев. на стиховете Ангелина Иванова Жекова.
257 _aRUS
260 _bЗлатното пате
_c2010
_fСофия : Образование и наука
300 _a63 с.
_bс цв. ил.
_c20 x18 см
380 _aDX
490 1 _aСерия Подарък за ...
500 _aОриг. загл. Миша и его друзья / В. Степанов.
659 _aН
700 1 _aПриходкин, Игор
_eил.
_9113032
700 _aЖекова, Ангелина Иванова
_d1944-
_9366328
852 _aЦб 251017
856 4 _qpdf
856 4 _qpdf
942 _cKNG
_n0
_016
944 _aCR
_c25.02.2011
_k30537
_lГрета Цуфелде
944 _aED
_c28.01.2018
_kВиолета_Тройчева
999 _d95131
999 _d95131